Organización de empresas (Record no. 89602)

MARC details
000 -LEADER
campo de control de longitud fija 01080nam a2200241 i 4500
001 - NÚMERO DE CONTROL
campo de control 89602
003 - IDENTIFICADOR DE NÚMERO DE CONTROL
campo de control ES-MaACL
005 - FECHA Y HORA DE LA ÚLTIMA TRANSACCIÓN
campo de control 20250902070713.0
007 - CAMPO FIJO DE DESCRIPCIÓN FÍSICA--INFORMACIÓN GENERAL
campo de control de longitud fija t|
008 - DATOS DE LONGITUD FIJA--INFORMACIÓN GENERAL
campo de control de longitud fija 050111s1965 sp |||| | spa d
100 1# - ENTRADA PRINCIPAL--NOMBRE DE PERSONA
Nombre de persona Lasser, J. K.
9 (RLIN) 70466
245 10 - MENCIÓN DEL TÍTULO
Título Organización de empresas
Resto del título : cómo organizar, administrar y conducir medianas y pequeñas empresas /
Mención de responsabilidad, etc. J.K. Lasser ; prólogo, supervisión, anotaciones sobre la legislación española y notas por Sergio Garcigoy Badía ; [versión española de C. Niell Sureda y Sergio Garcigoy Badía].
250 ## - MENCION DE EDICION
Mención de edición 3ª ed.
260 ## - PUBLICACIÓN, DISTRIBUCIÓN, ETC.
Lugar de publicación, distribución, etc. Barcelona :
Nombre del editor, distribuidor, etc. Hispano Europea,
Fecha de publicación, distribución, etc. 1965.
300 ## - DESCRIPCIÓN FÍSICA
Extensión XXII, 607 p. ;
Dimensiones 21 cm.
490 1# - MENCIÓN DE SERIE
Mención de serie Biblioteca de dirección, organización y administración de empresas . Técnicas administrativas
650 07 - PUNTO DE ACCESO ADICIONAL DE MATERIA--TÉRMINO DE MATERIA
Término de materia o nombre geográfico como elemento de entrada Gestión de empresas
Fuente del encabezamiento o término embne
9 (RLIN) 12210
700 1# - ENTRADA AGREGADA--NOMBRE PERSONAL
Nombre de persona Garcigoy Badía, Sergio.
9 (RLIN) 55470
700 1# - ENTRADA AGREGADA--NOMBRE PERSONAL
Nombre de persona Niell Sureda, Conrado.
9 (RLIN) 85634
830 00 - PUNTO DE ACCESO ADICIONAL DE SERIE-TÍTULO UNIFORME
Título uniforme Biblioteca de dirección, organización y administración de empresas
9 (RLIN) 183673
852 ## - LOCALIZACIÓN
Ubicación ES-MaACL
Número de control de estantería C-28493
Holdings
Estatus retirado Estado de pérdida Estado de daño No para préstamo Biblioteca de origen Biblioteca actual Ubicación en estantería Fecha de adquisición Fuente de adquisición Total de préstamos Signatura topográfica completa Código de barras Visto por última vez Precio de reemplazo Tipo de ítem Koha
        Biblioteca del Ateneo de Madrid Biblioteca del Ateneo de Madrid Depósito 2 17/01/2008     C-28493 1093578 23/02/2023 23/02/2023 Libro impreso